Central Library || Chittagong University

Introductory geographic information systems / (Record no. 112859)

MARC details
000 -LEADER
fixed length control field 00560nam a22002057a 4500
003 - CONTROL NUMBER IDENTIFIER
control field BD-ChCU
005 - DATE AND TIME OF LATEST TRANSACTION
control field 20260511105734.0
008 - FIXED-LENGTH DATA ELEMENTS--GENERAL INFORMATION
fixed length control field 260511b nyu ||||| |||| 00| 0eng d
020 ## - INTERNATIONAL STANDARD BOOK NUMBER
International Standard Book Number 9780136147763
040 ## - CATALOGING SOURCE
Transcribing agency BD-ChCU
082 ## - DEWEY DECIMAL CLASSIFICATION NUMBER
Edition number 23
Classification number 910.285 J51i
100 ## - MAIN ENTRY--PERSONAL NAME
Personal name Jensen, John R.
9 (RLIN) 22749
245 ## - TITLE STATEMENT
Title Introductory geographic information systems /
Statement of responsibility, etc. John R Jensen.
260 ## - PUBLICATION, DISTRIBUTION, ETC.
Place of publication, distribution, etc. New York :
Name of publisher, distributor, etc. Pearson,
Date of publication, distribution, etc. 2013
300 ## - PHYSICAL DESCRIPTION
Extent 400 P. :
504 ## - BIBLIOGRAPHY, ETC. NOTE
Bibliography, etc. note Includes.
650 #0 - SUBJECT ADDED ENTRY--TOPICAL TERM
Topical term or geographic name entry element GIS
9 (RLIN) 22750
700 ## - ADDED ENTRY--PERSONAL NAME
Personal name Jensen, Ryan R.
Relator term Jt.Author
9 (RLIN) 22751
942 ## - ADDED ENTRY ELEMENTS (KOHA)
Source of classification or shelving scheme Dewey Decimal Classification
Koha item type Books
Suppress in OPAC No
Holdings
Withdrawn status Lost status Source of classification or shelving scheme Damaged status Not for loan Home library Current library Shelving location Date acquired Source of acquisition Total Checkouts Full call number Barcode Date last seen Copy number Price effective from Koha item type
    Dewey Decimal Classification     Chittagong University Library Chittagong University Library Arts and Humanities Reading Room 05/11/2026 purchase   910.285 J51i 343457 05/11/2026 C-1 05/11/2026 Books
    Dewey Decimal Classification     Chittagong University Library Chittagong University Library Arts and Humanities Reading Room 05/11/2026 purchase   910.285 J51i 343458 05/11/2026 C-2 05/11/2026 Books
© Copyright 2026. Chittagong University Library, Installation and Maintenance by Prof. Dr. Md. Alamgir, 01711306253